000
00315nam a2200121Ia 4500
005
20251222152634.0
008
251222s9999||||xx |||||||||||||| ||spa||
082
_a
363.700.71/R31
100
_a
Reategui Lozano, Rolando
245
0
_a
Fundamentos y Modelos de Educación Ambiental
250
_a
1ra.ed.
942
_c
LIB
999
_c
27841
_d
27841